Statistiques concernant Clubs vainqueurs de la Ligue des champions féminine de l'UEFA

Cliquez ici pour prendre le quiz!

Statistiques générales

  • Ce quiz a été pris 110 fois
  • Le résultat moyen est 2 sur 8

Statistiques - réponses

PaysNombre de titresClub% Correct
France8OIympique Lyonnais
99%
Espagne1FC Barcelone
38%
Angleterre1Arsenal LFC
30%
Allemagne4FFC Francfort
18%
Allemagne2VfL Wolfsburg
10%
Allemagne2FFC Turbine Potsdam
3%
Allemagne1MSV Duisbourg
3%
Suède2Umeå IK
3%

Distribution des résultats

Percentile par nombre de réponses

% des personnes avec chaque résultat

Votre développement - résultats

Vous n’avez pas pris ce quiz